000
00553nam a22001457a 4500
020
_a
9351111962
082
_a
363.31
100
_a
Dr. Neeraj Khattri
245
_a
Media in 21st century
260
_a
New Delhi
_b
Randon publications
_c
2014
300
_a
206p
942
_c
BK
999
_c
2575
_d
2575